Vainqueur ligue des champions 2010-2022 - Statistiques

Statistiques générales
  • Ce quiz a été pris 473 fois
  • Le résultat moyen est 13 sur 13
Statistiques - réponses
Année Réponse % Correct
2022 réal madrid
99%
2018 réal madrid
99%
2017 réal madrid
99%
2016 réal madrid
99%
2014 réal madrid
99%
2015 barcelone
97%
2011 barcelone
97%
2020 bayern
97%
2013 bayern
97%
2021 chelsea
97%
2012 chelsea
97%
2019 liverpool
97%
2010 inter milan
84%
Aucun quiz correspondant
Distribution des résultats
% des personnes avec chaque résultat
Percentile par nombre de réponses
Votre historique - résultats
Vous n’avez pas pris ce quiz